Το δένδρον

Αποθηκεύτηκε σε:
Λεπτομέρειες βιβλιογραφικής εγγραφής
Κύριος συγγραφέας: Γρηγοριάδης, Δ. Π.
Μορφή: Βιβλίο
Γλώσσα:Greek
Δημοσίευση: Εν Αθήναις : Βιβλιοπωλείον Ιωάννου Ν. Σιδέρη, 1935.
Σειρά:Σύλλογος προς Διάδοσιν Ωφελίμων Βιβλίων ; 29
Θέματα:
Ετικέτες: Προσθήκη ετικέτας
Δεν υπάρχουν, Καταχωρήστε ετικέτα πρώτοι!

MARC

LEADER 00000cam a2200000 i 4500
001 1/61473
008 141210s1935 gr | ||| |||| ||gre||
035 |l 10120059 
040 |a GR-MyUA  |b gre  |e AACR2 
041 0 |a gre 
082 0 |a 582.16  |2 (23) 
100 1 |a Γρηγοριάδης, Δ. Π. 
245 1 3 |a Το δένδρον /   |c Δ. Π. Γρηγοριάδου.  
260 |a Εν Αθήναις :   |b Βιβλιοπωλείον Ιωάννου Ν. Σιδέρη,   |c 1935.  
300 |a 111 σ. :   |b εικ. ;   |c 19 εκ.  
490 1 |a (Σύλλογος προς διάδοσιν ωφελίμων βιβλίων   |v ; 29)  
500 |a Στο εξώφυλλο σφραγίδα "Δημόσια Εμπορική Σχολή Σάμου Εν Καρλοβασίω" 
500 |a Αντίτυπο βιβλιοθήκης ελαττωματικό: λείπουν όλες οι σελίδες μετά τη σ. 48. 
650 0 0 |a Trees. 
830 0 |a Σύλλογος προς Διάδοσιν Ωφελίμων Βιβλίων ;  |v  29 
852 |a INST  |b SAMOS  |c PORFYRIADA  |e 20141210  |h 582.16 ΓΡΗ  |p 005300040895  |q 005300040895  |t NOLOAN  |y 23 
901 |a BIBL3-2014-3 
909 |a Σ  |b 185508 
970 |a ΣΙΤΖΙΜΗ  |b ΓΙΑΣΕΜΗ  |z 2014/12/10